01232nam a2200265 a 450000100100000000500170001000800410002702000180006804000250008608200200011110000300013124500650016126000450022630000360027150000570030750400320036459000260039661000510042265000730047391000370054695201240058395201180070795201240082599900170094900004789720210628225112.0181002s2018 dr 000 0 spa d a9789945504040 aDO-SdBNPbspacBNPHU a378.7293bV335o1 aVásquez, Antonio97545910aOrigen histórico de la UASD en Nagua /cAntonio Vásquez. aSanto Domingo :bEl Nuevo Diario,c2018. a461 p. :bil., retrs. ;c26 cm. aIncluye datos biográficos del autor en las solapas aBibliografía : p. 459-461 aInventariado, 2018/VM 0aUniversidad Autónoma de Santo Domingo976692 4aEducación superiorzRepública Dominicana, NaguaxHistoria975460 aValidado. Control de calidad MFF 0010718DSaGRbGRcHDd2018-10-02iLF1l0o378.7293 V335op47897-30r2020-06-25te. 3w2020-06-25yLFDSZNo se presta 0010718PDaPDbPDcHDd2018-10-02iLF1l0o378.7293 V335op47897-10r2020-06-25w2020-06-25yLFPDZNo se presta 0010718PDaPDbPDcHDd2018-10-02iLF1l0o378.7293 V335op47897-20r2020-06-25te. 2w2020-06-25yLFPDZNo se presta c47385d47385